Widok standardowy
Widok MARC
Pozycja Corporate Name
Liczba rekordów, w których użyto hasła: 1
001 - Numer kontrolny
- control field: 40992
003 - Identyfikator numeru kontrolnego
- control field: NUKAT
005 - Data i czas ostatniej modyfikacji
- control field: 20260430111027.0
008 - Dane kontrolne kodowane (40 znaków)
- fixed length control field: 031103n||a|znnaabn |a ana |c
010 ## - Numer kontrolny Biblioteki Kongresu
- numer kontrolny LC: n 2003058904
040 ## - Instytucja sporządzająca rekord
- inst. przygot. dane do rek. khw: WA U/EBA
- język haseł przedmiotowych/tezaurus: kaba
- inst. wprow. rek. khw: WA U/EBAs
110 1# - Hasło - nazwa ciała zbiorowego
- nazwa ciała zbior. lub geogr. na pocz.: Polska.
- nazwa jednostki podrzędnej: Wojsko Polskie (1918-1939).
- nazwa jednostki podrzędnej: Pomorska Brygada Kawalerii.
410 2# - Trop zob. - nazwa ciała zbiorowego
- nazwa ciała zbior. lub geogr. na pocz.: Pomorska Brygada Kawalerii.
410 2# - Trop zob. - nazwa ciała zbiorowego
- nazwa ciała zbior. lub geogr. na pocz.: Wojsko Polskie (1918-1939).
- nazwa jednostki podrzędnej: Pomorska Brygada Kawalerii.
510 1# - Trop zob. też - nazwa ciała zbiorowego
- podpole kontrolne: a
- nazwa ciała zbior. lub geogr. na pocz.: Polska.
- nazwa jednostki podrzędnej: Wojsko Polskie (1918-1939).
- nazwa jednostki podrzędnej: Brygada Kawalerii "Bydgoszcz".
510 1# - Trop zob. też - nazwa ciała zbiorowego
- podpole kontrolne: a
- nazwa ciała zbior. lub geogr. na pocz.: Polska.
- nazwa jednostki podrzędnej: Wojsko Polskie (1918-1939).
- nazwa jednostki podrzędnej: Brygada Kawalerii "Toruń".
665 ## - Nota historyczna
- nota historyczna: Brygada Kawalerii "Toruń" powstała w marcu 1929 r., w kwietniu 1934 przemianowana na Brygadę Kawalerii "Bydgoszcz". Pomorska Brygada Kawalerii powstała 26 marca 1937 r. w wyniku przemianowania Brygady Kawalerii "Bydgoszcz".
670 ## - Źródło informacji
- źródło informacji: Pomorska Brygada Kawalerii / Stanisław Krasucki. - Pruszków, 1994.